000 00366nam a2200145 i 4500
001 bg
100 1 _aACHMANOV, S. A.
245 0 _aStatisticeskie javlenija v nielinejnoj optike /
_cS.A. Achmanov, A.S. Cirkin.
260 _aMoskva,
_c1971.
700 1 _aCIRKIN, A. S.
040 _cBPK
041 _apol
942 _cKS
008 s pl f |000 0 pol
999 _c9300
_d9300
856 _uhttp://koha.tu.koszalin.pl/cgi-bin/koha/opac-detail.pl?biblionumber=9300
_yKatalog online BPK